| 000 | 00521nam a2200181 i 4500 | ||
|---|---|---|---|
| 001 | 128552 | ||
| 003 | ES-MaACL | ||
| 005 | 20251014000258.0 | ||
| 007 | t| | ||
| 008 | 070518s1943 sp ||||1| spa d | ||
| 100 | 1 |
_aTamayo y Rubio, Juan Antonio. _9149830 |
|
| 245 | 1 | 0 |
_aSalvador Rueda o el ritmo / _cJuan Antonio Tamayo. |
| 260 |
_aMadrid : _b[s.n.], _c1943. |
||
| 300 |
_a36 p. ; _c23 cm. |
||
| 600 | 1 | 4 |
_aRueda, Salvador, _d1857-1933 _9100515 |
| 852 |
_aES-MaACL _j1842-F-12 _bR.19993 |
||
| 999 |
_c128552 _d128552 |
||